00961nam a2200229 a 4500001001000000003000500010005001700015008004100032010001100073011001100084040000900095100002700104245016900131260004100300500006000341502009800401650004600499650004900545650002700594700004000621856007000661000113925CHAP20220329144419.0171009s2017 mx sm |||||||spa d a110386 a111358 cCHAP1 aGuerrero Rojas, Gadiel10aDesarrollo de un software para la conservación y mantenimiento de la infraestructura hidroagrícola de un módulo de riegoh[En línea]cGadiel Guerrero Rojas. aChapingo, Méx. :bEl autor,c2017. aPara ver el contenido del material haga clic en la liga aTesis (Ing. Mecánico Agrícola) -- UACH. Departamento de Ingeniería Mecánia Agrícola14aAgua para irrigaciónxAdministración.14aAgua para irrigaciónxSistemas operativos.14aAguaxAprovechamiento.1 aJuárez Márquez, Adolfo Emmanuel aFinding aiduhttp://10.13.5.2/tesis/sist113925.pdfzTeclea aquí